000 01112cam a2200133 4500500
005 20260405085537.0
041 _afre
042 _adc
100 1 0 _aDaniel, Marie-Céline
_eauthor
245 0 0 _aCivilisation britannique : Problématiques et enjeux contemporains
260 _bArmand Colin,
_c2017.
520 _aCet ouvrage s’adresse à tous les étudiants en LLCE d’anglais dès la première année ainsi qu’aux étudiants en classes préparatoires. L’ouvrage offre des ressources de connaissances selon les problématiques essentielles que pose le Royaume-Uni. Chaque chapitre s’ouvre sur : – un résumé des connaissances préalables à sa lecture, – la problématique qui structure l’organisation du cours. Des compléments en ligne signalés aux endroits stratégiques du cours donnent la perspective historique des questions. Enfin, deux exercices conformes aux épreuves de licence et une chronologie illustrée achèvent la formation proposée par l’ouvrage.
856 4 1 _uhttps://shs.cairn.info/civilisation-britannique--9782200618100?lang=fr&redirect-ssocas=7080
999 _c2198382
_d2198382